Vružek, Š.: Teória a prax manažmentu. Prešov, ManaCon 1999, 307 s.

Recenzia publikácie Vružek, Š.: Teória a prax manažmentu. Prešov, ManaCon 1999, 307 s. Publikácia je rozčlenená do dvanástich kapitol. Kniha je napísaná so snahou syntetizovať poznatky nezávisle na tom, v ktorom odbore vznikli. História, definovanie a vývoj manažmentu. Monografia predstavuje inštruk...

ver descrição completa

Na minha lista:
Detalhes bibliográficos
Autor principal: Výrost, Jozef
Formato: Capítulo de Livro
Idioma:eslovaco
Assuntos:
Tags: Adicionar Tag
Sem tags, seja o primeiro a adicionar uma tag!

MARC

LEADER 00000naa a2200000 4500
001 r035749
005 20230918075917.4
041 0 |a slo 
044 |a SK 
245 1 0 |a Vružek, Š.: Teória a prax manažmentu. Prešov, ManaCon 1999, 307 s.  |c Jozef Výrost 
520 |a Recenzia publikácie Vružek, Š.: Teória a prax manažmentu. Prešov, ManaCon 1999, 307 s. Publikácia je rozčlenená do dvanástich kapitol. Kniha je napísaná so snahou syntetizovať poznatky nezávisle na tom, v ktorom odbore vznikli. História, definovanie a vývoj manažmentu. Monografia predstavuje inštruktívny študijný materiál pre študentov a širokú odbornú verejnosť. 
610 2 0 |a manažment 
610 2 0 |a teória a prax 
610 2 0 |a inštitúcia 
610 2 0 |a správanie 
610 2 0 |a organizácia 
610 2 0 |a kontroling 
610 2 0 |a recenzie 
100 1 |a Výrost, Jozef